[Event "25. Torneo Colllado Villalba"]
[Site "Collado Villalba ESP"]
[Date "2008.08.23"]
[Round "2.14"]
[White "Candela Perez, Jose"]
[Black "Sanchez Garcia, Manuel"]
[Result "1-0"]
[WhiteElo "2407"]
[BlackElo "2062"]
[PlyCount "75"]
[EventDate "2008.08.22"]
[EventType "swiss"]
[EventRounds "9"]
[EventCountry "ESP"]
[Source "lmi"]
[SourceDate "2008.08.22"]

1. d4 Nf6 2. c4 e6 3. Nc3 b6 4. e4 Bb7 5. Bd3 d5 6. cxd5 exd5 7. e5 Nfd7 8. Qg4
g6 9. Bg5 Be7 10. h4 Bxg5 11. hxg5 c6 12. O-O-O Nf8 13. f4 Qd7 14. Qe2 a5 15.
g4 Ba6 16. f5 Bxd3 17. Qxd3 Na6 18. Nf3 Nb4 19. Qb1 O-O-O 20. a3 Na6 21. Rh2 b5
22. Qd3 Qb7 23. Rc2 Kb8 24. Ne2 b4 25. Kb1 Nd7 26. e6 Nb6 27. Ne5 Rc8 28. Rdc1
fxe6 29. fxe6 bxa3 30. Qxa3 Nb4 31. Rc5 Nc4 32. R1xc4 dxc4 33. Nd7+ Kc7 34.
Qxa5+ Kd6 35. Rxc4 Nd5 36. Qa3+ Kc7 37. Nc5 Qb6 38. Qg3+ 1-0

[Event "25. Torneo Colllado Villalba"]
[Site "Collado Villalba ESP"]
[Date "2008.08.23"]
[Round "2.17"]
[White "Torres Samper, Rafael"]
[Black "Elissalt Cardenas, Hector"]
[Result "0-1"]
[WhiteElo "2068"]
[BlackElo "2329"]
[PlyCount "42"]
[EventDate "2008.08.22"]
[EventType "swiss"]
[EventRounds "9"]
[EventCountry "ESP"]
[Source "lmi"]
[SourceDate "2008.08.22"]

1. e4 d6 2. d4 g6 3. Nc3 Bg7 4. Be3 c6 5. Qd2 b5 6. a3 a6 7. f3 Nd7 8. h4 h5 9.
Nh3 Nb6 10. b3 Bxh3 11. Rxh3 Qc7 12. a4 Nf6 13. Kf2 O-O 14. Bd3 b4 15. Ne2 c5
16. a5 Nbd7 17. Bh6 cxd4 18. Bxg7 Kxg7 19. Nxd4 Qc5 20. Qe3 Ne5 21. Rah1 Neg4+
0-1

[Event "25. Torneo Colllado Villalba"]
[Site "Collado Villalba ESP"]
[Date "2008.08.23"]
[Round "2.18"]
[White "Cueto, Jonny"]
[Black "Sanchez Delgado, Lidia"]
[Result "1-0"]
[WhiteElo "2321"]
[BlackElo "1922"]
[PlyCount "61"]
[EventDate "2008.08.22"]
[EventType "swiss"]
[EventRounds "9"]
[EventCountry "ESP"]
[Source "lmi"]
[SourceDate "2008.08.22"]

1. d4 Nf6 2. Bf4 g6 3. e3 Bg7 4. Nf3 d6 5. h3 O-O 6. c4 Nfd7 7. Nc3 e5 8. Bh2
Nc6 9. Be2 Re8 10. d5 Ne7 11. b4 e4 12. Nd4 Nf5 13. Rc1 Nxd4 14. exd4 e3 15.
O-O Bh6 16. f4 a5 17. a3 Bg7 18. f5 Nf6 19. fxg6 hxg6 20. Bf4 Nh7 21. c5 g5 22.
Bg3 dxc5 23. dxc5 f5 24. Nb5 f4 25. Be1 Ra6 26. d6 cxd6 27. Nxd6 Re7 28. Nxc8
Qxc8 29. Bxa6 bxa6 30. c6 Kh8 31. Qd6 1-0

[Event "25. Torneo Colllado Villalba"]
[Site "Collado Villalba ESP"]
[Date "2008.08.23"]
[Round "2.19"]
[White "Lobato Lavin, Alvaro"]
[Black "Rodriguez Lopez, Rafael"]
[Result "1-0"]
[WhiteElo "2046"]
[BlackElo "2312"]
[PlyCount "65"]
[EventDate "2008.08.22"]
[EventType "swiss"]
[EventRounds "9"]
[EventCountry "ESP"]
[Source "lmi"]
[SourceDate "2008.08.22"]

1. e4 c5 2. Nf3 e6 3. d4 cxd4 4. c3 dxc3 5. Nxc3 a6 6. Bc4 d6 7. O-O Nc6 8. Qe2
b5 9. Bb3 Ra7 10. Be3 Rd7 11. Nxb5 axb5 12. Qxb5 Nge7 13. Ba4 Bb7 14. Rac1 e5
15. Rc2 Qa8 16. Rfc1 Rc7 17. Nd2 f6 18. Nc4 Kf7 19. Nxd6+ Kg6 20. Bb3 h6 21.
Be6 Ba6 22. Qb6 Rb7 23. Nxb7 Bxb7 24. f3 Kh7 25. b4 Nd4 26. Bxd4 exd4 27. Qxd4
Nc6 28. Qb6 Bxb4 29. Rxc6 Bxc6 30. Bf5+ Kg8 31. Rxc6 Qa3 32. Rc8+ Kf7 33. Qe6#
1-0

[Event "25. Torneo Colllado Villalba"]
[Site "Collado Villalba ESP"]
[Date "2008.08.23"]
[Round "2.20"]
[White "Picon Rodriguez, Jose"]
[Black "Ibañez Aullana, Jose Ramon"]
[Result "0-1"]
[WhiteElo "2040"]
[BlackElo "2301"]
[PlyCount "50"]
[EventDate "2008.08.22"]
[EventType "swiss"]
[EventRounds "9"]
[EventCountry "ESP"]
[Source "lmi"]
[SourceDate "2008.08.22"]

1. e4 e6 2. d4 d5 3. Nc3 Nf6 4. e5 Ne4 5. Nxe4 dxe4 6. Be3 c5 7. Bb5+ Bd7 8.
Bxd7+ Nxd7 9. f4 exf3 10. Nxf3 cxd4 11. Bxd4 Qc7 12. O-O Bc5 13. c3 Nxe5 14.
Nxe5 Qxe5 15. Qa4+ Ke7 16. Rae1 Qd6 17. Bxc5 Qxc5+ 18. Kh1 h5 19. Rxf7+ Kxf7
20. Qd7+ Kg8 21. Qxe6+ Kh7 22. Re5 Rhf8 23. h4 Rf1+ 24. Kh2 Qc7 25. Kh3 g6 0-1

[Event "25. Torneo Colllado Villalba"]
[Site "Collado Villalba ESP"]
[Date "2008.08.24"]
[Round "3.2"]
[White "Vazquez Igarza, Renier"]
[Black "Vassallo Barrochz, Mauricio"]
[Result "1-0"]
[WhiteElo "2540"]
[BlackElo "2398"]
[PlyCount "81"]
[EventDate "2008.08.22"]
[EventType "swiss"]
[EventRounds "9"]
[EventCountry "ESP"]
[Source "lmi"]
[SourceDate "2008.08.22"]

1. d4 Nf6 2. c4 e6 3. Nc3 Bb4 4. e3 O-O 5. Bd3 c5 6. Nf3 Nc6 7. O-O d5 8. a3
Bxc3 9. bxc3 dxc4 10. Bxc4 Qc7 11. Ba2 Rd8 12. Qe2 b6 13. Rd1 Bb7 14. Bb2 Na5
15. Rac1 c4 16. Nd2 Rac8 17. e4 e5 18. f3 Ba6 19. Nf1 Bb5 20. Ne3 Ba4 21. Rf1
Bb3 22. Bb1 Nc6 23. Nf5 Ne7 24. f4 exd4 25. Nxd4 Nc6 26. Nf5 Ne7 27. Nd4 Nc6
28. Rf3 Qe7 29. Rh3 g6 30. Re1 Re8 31. Nxb3 cxb3 32. c4 Na5 33. Bd3 Qc5+ 34.
Kh1 Rc6 35. f5 Nd7 36. e5 Nxe5 37. Re3 f6 38. fxg6 Naxc4 39. Qh5 hxg6 40. Bxg6
Re7 41. Rh3 1-0

[Event "25. Torneo Colllado Villalba"]
[Site "Collado Villalba ESP"]
[Date "2008.08.24"]
[Round "3.3"]
[White "Elissalt Cardenas, Hector"]
[Black "Suba, Mihai"]
[Result "0-1"]
[WhiteElo "2329"]
[BlackElo "2507"]
[PlyCount "88"]
[EventDate "2008.08.22"]
[EventType "swiss"]
[EventRounds "9"]
[EventCountry "ESP"]
[Source "lmi"]
[SourceDate "2008.08.22"]

1. d4 Nf6 2. Nf3 e6 3. e3 b6 4. Bd3 Bb7 5. Nbd2 c5 6. c3 cxd4 7. exd4 Be7 8.
O-O O-O 9. Re1 d6 10. Qe2 Nbd7 11. Nf1 Re8 12. Ng3 Bf8 13. Ng5 h6 14. N5e4 a6
15. a4 Nxe4 16. Nxe4 d5 17. Ng3 e5 18. Bf5 exd4 19. Qxe8 Qxe8 20. Rxe8 Rxe8 21.
cxd4 Re1+ 22. Nf1 Bc6 23. b3 Ba3 24. Rxa3 Rxc1 25. Ra2 Nf8 26. Rd2 a5 27. Bc2
Ne6 28. Bd1 f5 29. Ng3 f4 30. Ne2 Ra1 31. f3 g5 32. Kf2 Kf7 33. g3 Ke7 34. gxf4
Nxf4 35. Nxf4 gxf4 36. Re2+ Kd6 37. Ke1 b5 38. axb5 Bxb5 39. Rg2 a4 40. Rg6+
Kc7 41. Rg7+ Kb6 42. Rg6+ Ka5 43. Kd2 a3 44. Rg7 Rxd1+ 0-1

[Event "25. Torneo Colllado Villalba"]
[Site "Collado Villalba ESP"]
[Date "2008.08.24"]
[Round "3.4"]
[White "Ibañez Aullana, Jose Ramon"]
[Black "Pogorelov, Ruslan"]
[Result "0-1"]
[WhiteElo "2301"]
[BlackElo "2459"]
[PlyCount "160"]
[EventDate "2008.08.22"]
[EventType "swiss"]
[EventRounds "9"]
[EventCountry "ESP"]
[Source "lmi"]
[SourceDate "2008.08.22"]

1. d4 Nf6 2. c4 e6 3. Nc3 Bb4 4. e3 O-O 5. Nge2 d5 6. a3 Bd6 7. cxd5 exd5 8. g3
c6 9. Bg2 Re8 10. O-O Na6 11. b4 Nc7 12. f3 a5 13. bxa5 c5 14. dxc5 Bxc5 15.
Nd4 Bxd4 16. exd4 Ne6 17. Re1 Qxa5 18. Bd2 Qb6 19. Be3 Bd7 20. Qd3 Rec8 21.
Reb1 Qa5 22. Nb5 Rc4 23. Nd6 Rc3 24. Qd2 Rxa3 25. Qxa5 R3xa5 26. Rxa5 Rxa5 27.
Kf2 Ra2+ 28. Kf1 Nd8 29. Nxb7 Bf5 30. Rb3 Nxb7 31. Rxb7 h6 32. Rb3 g5 33. g4
Bc2 34. Rc3 Kg7 35. h3 Ba4 36. Kg1 Bb5 37. Rc5 Bc4 38. f4 Kg6 39. Rc6 Ra6 40.
Rc7 Bd3 41. fxg5 hxg5 42. Re7 Ra1+ 43. Kh2 Ra2 44. Kg1 Ne4 45. Re5 f6 46. Bxe4+
Bxe4 47. Re7 Rg2+ 48. Kf1 Rg3 49. Bf2 Rxh3 50. Rd7 Rf3 51. Kg2 Rb3+ 52. Kh2 Bf3
53. Kh3 Be2+ 54. Bg3 Bf1+ 55. Kh2 Rb2+ 56. Kg1 Rg2+ 57. Kxf1 Rxg3 58. Rxd5 Rxg4
59. Kf2 Kf7 60. Ke3 Ke6 61. Ra5 Rg3+ 62. Ke2 f5 63. Re5+ Kf6 64. Re8 Ra3 65.
Rf8+ Kg6 66. Rg8+ Kh5 67. d5 Ra5 68. Rd8 Kg4 69. Ke3 Kg3 70. d6 Ra7 71. d7 g4
72. Rf8 Rxd7 73. Rxf5 Re7+ 74. Kd2 Kg2 75. Kd3 g3 76. Rg5 Kf3 77. Kd2 g2 78.
Rg8 Re4 79. Kd3 Rg4 80. Rf8+ Kg3 0-1

[Event "25. Torneo Colllado Villalba"]
[Site "Collado Villalba ESP"]
[Date "2008.08.24"]
[Round "3.5"]
[White "Pozo Vera, Sandro"]
[Black "Cueto, Jonny"]
[Result "1/2-1/2"]
[WhiteElo "2454"]
[BlackElo "2321"]
[PlyCount "64"]
[EventDate "2008.08.22"]
[EventType "swiss"]
[EventRounds "9"]
[EventCountry "ESP"]
[Source "lmi"]
[SourceDate "2008.08.22"]

1. d4 d6 2. Nf3 Nd7 3. c4 g6 4. Nc3 Bg7 5. e4 c5 6. d5 Ngf6 7. Be2 O-O 8. O-O
a6 9. a4 Ne8 10. Bf4 Ne5 11. Nxe5 Bxe5 12. Bxe5 dxe5 13. Qd2 f6 14. a5 Bd7 15.
Qe3 Rc8 16. g3 Nd6 17. f4 Nf7 18. Kh1 Kg7 19. f5 Nd6 20. g4 g5 21. h4 h6 22.
Kg2 Rh8 23. Rh1 Qc7 24. Rh3 Nf7 25. Rhh1 gxh4 26. Rxh4 b6 27. d6 exd6 28. Nd5
Qb7 29. Nxb6 Rb8 30. Bd3 Bc6 31. Bc2 Ng5 32. Re1 Qf7 1/2-1/2

[Event "25. Torneo Colllado Villalba"]
[Site "Collado Villalba ESP"]
[Date "2008.08.24"]
[Round "3.7"]
[White "Guliev, Logman"]
[Black "Perez Gonzalez, Jose Manuel"]
[Result "1-0"]
[WhiteElo "2436"]
[BlackElo "2255"]
[PlyCount "115"]
[EventDate "2008.08.22"]
[EventType "swiss"]
[EventRounds "9"]
[EventCountry "ESP"]
[Source "lmi"]
[SourceDate "2008.08.22"]

1. e4 d6 2. d4 Nf6 3. Nc3 g6 4. f4 Bg7 5. Nf3 c5 6. dxc5 Qa5 7. Bd3 Qxc5 8. Qe2
Bg4 9. Be3 Qa5 10. O-O O-O 11. h3 Bxf3 12. Qxf3 Nc6 13. a3 Nd7 14. Bd2 e6 15.
Kh1 Qd8 16. Qg3 Nc5 17. Rae1 Nd4 18. Qf2 Qb6 19. Rb1 Nxd3 20. cxd3 Qa6 21. Be3
Nb5 22. Ne2 f5 23. Ng1 fxe4 24. dxe4 Qa4 25. Qe2 a6 26. Qd3 Rac8 27. Nf3 Qc4
28. Rfd1 h6 29. e5 Qxd3 30. Rxd3 dxe5 31. Nxe5 Bxe5 32. fxe5 g5 33. Rd7 Nc7 34.
Re1 Rfd8 35. Re7 Re8 36. Rd7 Red8 37. Rd6 Rxd6 38. exd6 Nd5 39. Bd4 Kf7 40. Kh2
Rc4 41. Bg7 Nf4 42. Bxh6 Kg6 43. Bf8 Rd4 44. Be7 Rd2 45. Kh1 Kf5 46. Rf1 Kg6
47. Re1 Kf5 48. g4+ Kg6 49. Re3 Rd5 50. Kh2 Kf7 51. Kg3 Ng6 52. Rf3+ Ke8 53.
Rf6 Nf4 54. h4 Rd3+ 55. Kf2 e5 56. hxg5 Nd5 57. Rf8+ Kd7 58. g6 1-0

[Event "25. Torneo Colllado Villalba"]
[Site "Collado Villalba ESP"]
[Date "2008.08.24"]
[Round "3.8"]
[White "Petkov, Vladimir"]
[Black "Martinez Rodriguez, Pablo"]
[Result "1-0"]
[WhiteElo "2423"]
[BlackElo "2244"]
[PlyCount "103"]
[EventDate "2008.08.22"]
[EventType "swiss"]
[EventRounds "9"]
[EventCountry "ESP"]
[Source "lmi"]
[SourceDate "2008.08.22"]

1. d4 d5 2. c4 e6 3. Nc3 Nf6 4. Bg5 Nbd7 5. cxd5 exd5 6. e3 c6 7. Bd3 Be7 8.
Qc2 O-O 9. Nf3 Re8 10. O-O-O Nf8 11. Ne5 Ng4 12. Bxe7 Rxe7 13. Nf3 Qd6 14. h3
Nf6 15. g4 Be6 16. Kb1 Rae8 17. g5 Ne4 18. Bxe4 dxe4 19. Ne5 Ng6 20. Nxe4 Qc7
21. f4 Bf5 22. Ka1 Kh8 23. d5 Bxe4 24. Qxe4 cxd5 25. Nxg6+ hxg6 26. Qxd5 Rxe3
27. h4 Kg8 28. h5 Qc6 29. Qxc6 bxc6 30. hxg6 fxg6 31. a3 Kf7 32. Rc1 R8e6 33.
Rhd1 Ke7 34. Rd4 Re1 35. Kb1 c5 36. Ra4 Rxc1+ 37. Kxc1 a6 38. Kd2 Rb6 39. Kc3
Kd6 40. Kc4 Rc6 41. Ra5 Rb6 42. b3 Rc6 43. Kd3 Kc7 44. Ra4 Rd6+ 45. Ke4 Kb6 46.
Ke3 Rd1 47. Re4 Rb1 48. Re6+ Kb5 49. Rxg6 Rxb3+ 50. Ke4 Rxa3 51. Rxg7 Rg3 52.
f5 1-0

[Event "25. Torneo Colllado Villalba"]
[Site "Collado Villalba ESP"]
[Date "2008.08.24"]
[Round "3.9"]
[White "Martinez De Miguel, Pedro"]
[Black "Sanchez Guirado, Francisco"]
[Result "0-1"]
[WhiteElo "2172"]
[BlackElo "2415"]
[PlyCount "56"]
[EventDate "2008.08.22"]
[EventType "swiss"]
[EventRounds "9"]
[EventCountry "ESP"]
[Source "lmi"]
[SourceDate "2008.08.22"]

1. c4 e5 2. Nc3 Nf6 3. g3 Bb4 4. Bg2 O-O 5. Nf3 Re8 6. a3 Bxc3 7. dxc3 h6 8.
O-O Nc6 9. Qc2 e4 10. Nd4 Ne5 11. c5 Ng6 12. b4 d6 13. cxd6 Qxd6 14. Rd1 Qe5
15. Nb3 Qh5 16. c4 Bh3 17. Bh1 Bf5 18. Qb2 Ng4 19. h4 Nxh4 20. f3 e3 21. gxh4
Qxh4 22. Bg2 Nf2 23. Qd4 Qg3 24. Bb2 f6 25. Qd5+ Be6 26. Qh5 Bh3 27. Qd5+ Kh8
28. f4 Ne4 0-1

[Event "25. Torneo Colllado Villalba"]
[Site "Collado Villalba ESP"]
[Date "2008.08.24"]
[Round "3.11"]
[White "Martin Martin, Luis Vicente"]
[Black "Candela Perez, Jose"]
[Result "0-1"]
[WhiteElo "2094"]
[BlackElo "2407"]
[PlyCount "144"]
[EventDate "2008.08.22"]
[EventType "swiss"]
[EventRounds "9"]
[EventCountry "ESP"]
[Source "lmi"]
[SourceDate "2008.08.22"]

1. d4 Nf6 2. Nf3 g6 3. Bf4 Bg7 4. e3 d6 5. Be2 b6 6. Nbd2 Bb7 7. h3 Nbd7 8. a4
a6 9. O-O O-O 10. Bh2 Qe8 11. c3 e5 12. b4 Qe7 13. Qb3 a5 14. bxa5 Rxa5 15. Nc4
Bd5 16. Qa3 Bxc4 17. Bxc4 Ne4 18. Bb5 Qe6 19. Rfd1 Nb8 20. Qb4 f5 21. dxe5 Kh8
22. exd6 c5 23. Qc4 Qxc4 24. Bxc4 Nd7 25. Bb5 Ra7 26. Bxd7 Rxd7 27. Be5 Nxc3
28. Bxc3 Bxc3 29. Rab1 Rb8 30. Rd3 Bf6 31. Rd5 c4 32. Nd4 c3 33. Nb5 Ra8 34.
Rc1 Rxa4 35. Nxc3 Rc4 36. Ne2 Rxc1+ 37. Nxc1 Kg7 38. Ne2 Kf7 39. f3 Be7 40. Rb5
Rxd6 41. Nc3 Bd8 42. Nd5 Ke6 43. e4 fxe4 44. fxe4 Kd7 45. Kf2 Kc6 46. Rb1 Rd7
47. Ke3 b5 48. Rc1+ Kd6 49. Kd4 Ke6 50. Kc5 Ke5 51. Kxb5 Kxe4 52. Kc6 Ra7 53.
Re1+ Kf5 54. Kd6 Ra6+ 55. Kd7 Bh4 56. Re2 h5 57. Ne7+ Bxe7 58. Kxe7 Kf4 59. Kf7
Kg3 60. Kg7 g5 61. Rb2 g4 62. hxg4 hxg4 63. Rc2 Kh2 64. Rb2 g3 65. Rc2 Ra1 66.
Kg6 Rg1 67. Kg5 Rxg2 68. Rc8 Ra2 69. Kf4 g2 70. Rh8+ Kg1 71. Kf3 Kf1 72. Rb8
Ra3+ 0-1

[Event "25. Torneo Colllado Villalba"]
[Site "Collado Villalba ESP"]
[Date "2008.08.24"]
[Round "3.12"]
[White "Babaev, Rashad"]
[Black "Baigorri Navarro, Fco  Javier"]
[Result "1-0"]
[WhiteElo "2484"]
[BlackElo "2178"]
[PlyCount "99"]
[EventDate "2008.08.22"]
[EventType "swiss"]
[EventRounds "9"]
[EventCountry "ESP"]
[Source "lmi"]
[SourceDate "2008.08.22"]

1. e4 e6 2. d4 d5 3. Nd2 c5 4. Ngf3 Nf6 5. exd5 Qxd5 6. Bc4 Qd6 7. dxc5 Qxc5 8.
Qe2 Qc7 9. b3 a6 10. a4 Be7 11. Bb2 Nbd7 12. O-O Nb6 13. Be5 Bd6 14. a5 Nxc4
15. Nxc4 Bxe5 16. Qxe5 Qxe5 17. Nfxe5 Ke7 18. Nb6 Rb8 19. Rad1 Nd5 20. Nxd5+
exd5 21. Rxd5 Be6 22. Rd2 Rbc8 23. f4 f6 24. Nf3 Rhd8 25. Nd4 Kf7 26. c4 Bf5
27. h3 Be4 28. Rc1 h5 29. h4 Rc5 30. b4 Rc7 31. Kf2 g5 32. hxg5 fxg5 33. fxg5
Kg6 34. Nf3 Rxd2+ 35. Nxd2 Rf7+ 36. Kg3 Bc6 37. Rf1 Rd7 38. Nf3 Bxf3 39. Rxf3
Kxg5 40. Rc3 Rd4 41. b5 axb5 42. cxb5 Rd5 43. Rb3 Rf5 44. Rb4 Re5 45. Kf3 Kf5
46. Rb2 Kg5 47. a6 bxa6 48. b6 Re8 49. b7 Rb8 50. Ke4 1-0

[Event "25. Torneo Colllado Villalba"]
[Site "Collado Villalba ESP"]
[Date "2008.08.24"]
[Round "3.13"]
[White "De La Fuente Gonzalez, Francisc"]
[Black "Moreno Ruiz, Javier"]
[Result "0-1"]
[WhiteElo "2232"]
[BlackElo "2470"]
[PlyCount "54"]
[EventDate "2008.08.22"]
[EventType "swiss"]
[EventRounds "9"]
[EventCountry "ESP"]
[Source "lmi"]
[SourceDate "2008.08.22"]

1. c4 g6 2. Nf3 Bg7 3. Nc3 d6 4. g3 Nf6 5. Bg2 O-O 6. O-O Nc6 7. d3 e5 8. Rb1
a5 9. a3 h6 10. b4 axb4 11. axb4 Be6 12. b5 Ne7 13. e4 Qd7 14. Nd5 Nfxd5 15.
cxd5 Bh3 16. d4 Bxg2 17. Kxg2 f5 18. dxe5 fxe4 19. Nd4 Nxd5 20. e6 Qe7 21. Qb3
Nb6 22. Ne2 Rf3 23. Be3 d5 24. Qd1 Qxe6 25. Nf4 Qf7 26. Bxb6 cxb6 27. Rb3 g5
0-1

[Event "25. Torneo Colllado Villalba"]
[Site "Collado Villalba ESP"]
[Date "2008.08.24"]
[Round "3.14"]
[White "Guerra Bastida, Diego"]
[Black "Ponce Lopez, Miguel"]
[Result "1-0"]
[WhiteElo "2402"]
[BlackElo "2170"]
[PlyCount "69"]
[EventDate "2008.08.22"]
[EventType "swiss"]
[EventRounds "9"]
[EventCountry "ESP"]
[Source "lmi"]
[SourceDate "2008.08.22"]

1. e4 e5 2. Nf3 Nc6 3. Bb5 a6 4. Ba4 Nf6 5. Qe2 b5 6. Bb3 Bc5 7. c3 O-O 8. d3
d6 9. Bg5 Be6 10. Bd5 Bxd5 11. exd5 Ne7 12. Bxf6 gxf6 13. Nh4 Nxd5 14. Qf3 Nf4
15. Nf5 Kh8 16. d4 Bb6 17. Nd2 Ne6 18. d5 Nc5 19. O-O Rg8 20. b4 Nd7 21. Ne4
Rg6 22. Rfd1 Qf8 23. a4 Re8 24. h3 Qg8 25. Kh1 Qf8 26. g3 Rb8 27. axb5 axb5 28.
Kg2 h6 29. Kh2 Kh7 30. Nh4 Qe8 31. Qf5 Kg7 32. Ra6 Nf8 33. Rda1 Nh7 34. Ra8
Rxa8 35. Rxa8 1-0

[Event "25. Torneo Colllado Villalba"]
[Site "Collado Villalba ESP"]
[Date "2008.08.24"]
[Round "3.15"]
[White "Martinez Alvira, Santiago"]
[Black "Serrano Salvador, Eduardo"]
[Result "0-1"]
[WhiteElo "1967"]
[BlackElo "2341"]
[PlyCount "124"]
[EventDate "2008.08.22"]
[EventType "swiss"]
[EventRounds "9"]
[EventCountry "ESP"]
[Source "lmi"]
[SourceDate "2008.08.22"]

1. e4 c5 2. Nf3 e6 3. d3 d5 4. Nbd2 Nc6 5. g3 Bd6 6. Bg2 Nge7 7. O-O O-O 8. Re1
Qc7 9. c3 b5 10. Qe2 f6 11. d4 cxd4 12. cxd4 Nb4 13. Rd1 Bd7 14. a3 Nbc6 15.
Nb3 b4 16. a4 Kh8 17. Bd2 dxe4 18. Qxe4 Na5 19. Nc5 Bxc5 20. dxc5 Nb3 21. Bxb4
Nxa1 22. Rxa1 Rab8 23. Ba3 a5 24. Nd4 e5 25. c6 f5 26. Qe2 exd4 27. Qxe7 Rbd8
28. cxd7 Rg8 29. Rd1 Qxd7 30. Qxd7 Rxd7 31. Bf1 Rc8 32. Bd3 g6 33. Kf1 Kg7 34.
Ke2 Kf6 35. Bb5 Rdd8 36. Kd3 Rc7 37. Bc4 Re8 38. b3 Re4 39. Bc1 g5 40. Bd2 Ra7
41. Re1 Rxe1 42. Bxe1 Ke5 43. f4+ gxf4 44. gxf4+ Kxf4 45. Kxd4 Kf3 46. Bd5+ Ke2
47. Bg3 h5 48. Kc5 Rg7 49. Kb6 Rg4 50. Kxa5 f4 51. Kb6 fxg3 52. hxg3 Rxg3 53.
a5 Rg6+ 54. Bc6 Rxc6+ 55. Kxc6 h4 56. b4 h3 57. b5 h2 58. a6 h1=Q+ 59. Kb6 Qa8
60. a7 Qc8 61. Ka5 Qb7 62. b6 Kd3 0-1

[Event "25. Torneo Colllado Villalba"]
[Site "Collado Villalba ESP"]
[Date "2008.08.24"]
[Round "3.16"]
[White "Perez De Aranda A, Leonardo I"]
[Black "Tarin Casado, Francisco"]
[Result "1-0"]
[WhiteElo "2233"]
[BlackElo "1815"]
[PlyCount "57"]
[EventDate "2008.08.22"]
[EventType "swiss"]
[EventRounds "9"]
[EventCountry "ESP"]
[Source "lmi"]
[SourceDate "2008.08.22"]

1. e4 c6 2. d4 d5 3. exd5 cxd5 4. Bd3 Nc6 5. c3 Qc7 6. Ne2 e6 7. Bf4 Bd6 8. Qd2
Nge7 9. Na3 Bxf4 10. Nxf4 a6 11. Nh5 O-O 12. h4 f6 13. Rh3 e5 14. Rg3 Rf7 15.
c4 Nxd4 16. cxd5 b5 17. Nc2 Bb7 18. Nxd4 exd4 19. Qh6 g6 20. Nf4 Qe5+ 21. Kf1
Nf5 22. Rxg6+ hxg6 23. Qxg6+ Rg7 24. Qxf5 Bc8 25. Qxe5 fxe5 26. Nh5 Re7 27. d6
Re6 28. Be4 Bb7 29. Bxb7 1-0

[Event "25. Torneo Colllado Villalba"]
[Site "Collado Villalba ESP"]
[Date "2008.08.24"]
[Round "3.17"]
[White "Sanchez Garcia, Manuel"]
[Black "Sriram, Jha"]
[Result "0-1"]
[WhiteElo "2062"]
[BlackElo "2429"]
[PlyCount "74"]
[EventDate "2008.08.22"]
[EventType "swiss"]
[EventRounds "9"]
[EventCountry "ESP"]
[Source "lmi"]
[SourceDate "2008.08.22"]

1. c4 e6 2. Nc3 d5 3. cxd5 exd5 4. d4 c6 5. g3 Nf6 6. Bg2 Bd6 7. Nf3 O-O 8. O-O
Re8 9. Bg5 Nbd7 10. a3 h6 11. Be3 a5 12. Qc1 Nf8 13. Bf4 Ng6 14. Bxd6 Qxd6 15.
Re1 Ne4 16. Nd2 f5 17. Rb1 a4 18. Qc2 b5 19. Rbc1 Bd7 20. e3 Rad8 21. Na2 h5
22. Nxe4 fxe4 23. Nb4 h4 24. Qe2 Ne7 25. Qh5 hxg3 26. hxg3 Rf8 27. Rc5 Rf5 28.
Qh2 Rdf8 29. Bh3 R5f6 30. Bxd7 Qxd7 31. Rec1 Rh6 32. Qg2 Rff6 33. Kf1 Rh5 34.
Ke2 Rfh6 35. Kd2 Rh2 36. Qf1 Rf6 37. Kc3 Rfxf2 0-1

[Event "25. Torneo Colllado Villalba"]
[Site "Collado Villalba ESP"]
[Date "2008.08.24"]
[Round "3.18"]
[White "Rodriguez Lopez, Rafael"]
[Black "Spitzer Isbert, Ramon"]
[Result "1-0"]
[WhiteElo "2312"]
[BlackElo "2051"]
[PlyCount "79"]
[EventDate "2008.08.22"]
[EventType "swiss"]
[EventRounds "9"]
[EventCountry "ESP"]
[Source "lmi"]
[SourceDate "2008.08.22"]

1. d4 Nf6 2. Nf3 d6 3. g3 g6 4. Bg2 Bg7 5. O-O O-O 6. c4 Nc6 7. Nc3 e5 8. d5
Ne7 9. c5 Ne8 10. cxd6 Nxd6 11. e4 Kh8 12. Qb3 Bg4 13. h3 Bd7 14. Rd1 Ng8 15.
Bd2 f6 16. Ne1 Nh6 17. Nd3 b6 18. Nb4 Nhf7 19. Rac1 Qc8 20. Kh2 a5 21. Nc6 Re8
22. Be3 Bh6 23. Bxh6 Nxh6 24. Nb5 Nxb5 25. Qxb5 Nf7 26. Qf1 Qa6 27. Qe1 Kg7 28.
f4 exf4 29. gxf4 b5 30. Qg3 b4 31. e5 fxe5 32. fxe5 Bxc6 33. Rxc6 Qe2 34. Re1
Qxb2 35. Rxc7 Kg8 36. e6 Nh6 37. Rf1 Kh8 38. Rf2 Qd4 39. Rf4 Qb2 40. Rh4 1-0

[Event "25. Torneo Colllado Villalba"]
[Site "Collado Villalba ESP"]
[Date "2008.08.24"]
[Round "3.19"]
[White "Prieto Martin, Alfonso"]
[Black "Picon Rodriguez, Jose"]
[Result "1-0"]
[WhiteElo "2175"]
[BlackElo "2040"]
[PlyCount "99"]
[EventDate "2008.08.22"]
[EventType "swiss"]
[EventRounds "9"]
[EventCountry "ESP"]
[Source "lmi"]
[SourceDate "2008.08.22"]

1. d4 Nf6 2. c4 e6 3. Nf3 b6 4. g3 Bb7 5. Bg2 Be7 6. O-O O-O 7. Nbd2 c5 8. b3
cxd4 9. Bb2 Qc7 10. Nxd4 Bxg2 11. Kxg2 a6 12. Rc1 Nc6 13. N2f3 Rac8 14. Re1 Ne4
15. Qd3 f5 16. Nxc6 dxc6 17. Nd4 Nc5 18. Qc2 Bf6 19. e3 Qf7 20. Ba3 Be7 21.
Bxc5 Bxc5 22. Nf3 Qf6 23. Red1 Rcd8 24. Rxd8 Rxd8 25. Rd1 Bf8 26. Rd3 c5 27.
Qd2 Re8 28. Rd7 g5 29. Ne1 g4 30. Nd3 Bh6 31. Nb2 b5 32. Rd6 Qe7 33. Rd7 Qf6
34. Nd3 Rc8 35. Rd6 bxc4 36. bxc4 Qe7 37. Nc1 Qb7+ 38. Kg1 Qe4 39. Qd3 Qxd3 40.
Nxd3 a5 41. Rxe6 Bg7 42. Rd6 Bc3 43. Rd5 Rb8 44. Nxc5 Rb4 45. Rxf5 Rxc4 46. Ne6
Bb4 47. Kg2 Re4 48. Nf4 h6 49. Nd5 Bd6 50. Nf6+ 1-0

[Event "25. Torneo Colllado Villalba"]
[Site "Collado Villalba ESP"]
[Date "2008.08.24"]
[Round "3.20"]
[White "Sotoca Aguado, Jose"]
[Black "Cao Armillas, Jesus"]
[Result "0-1"]
[WhiteElo "2040"]
[BlackElo "2170"]
[PlyCount "128"]
[EventDate "2008.08.22"]
[EventType "swiss"]
[EventRounds "9"]
[EventCountry "ESP"]
[Source "lmi"]
[SourceDate "2008.08.22"]

1. e4 e6 2. d4 d5 3. Nc3 Bb4 4. exd5 exd5 5. Qf3 Qe7+ 6. Be2 Nc6 7. Be3 Nf6 8.
Bb5 O-O 9. Nge2 Bg4 10. Qf4 Bh5 11. O-O Bg6 12. Qh4 Bxc2 13. Rac1 Bg6 14. Bg5
Rad8 15. Ng3 h6 16. Bxf6 Qxf6 17. Qxf6 gxf6 18. Bxc6 bxc6 19. a3 Ba5 20. Na4
Bd3 21. Rfd1 Bc4 22. Nc5 Bb6 23. b3 Bxc5 24. bxc4 Bxa3 25. Rc3 Bb4 26. Rb3 a5
27. c5 Rfe8 28. Nf5 Re2 29. Rg3+ Kf8 30. Nxh6 Rde8 31. h4 a4 32. Rdd3 a3 33.
Rxa3 Bxa3 34. Rxa3 Rd2 35. Rg3 Re1+ 36. Kh2 Rxf2 37. h5 Rff1 38. Rg8+ Ke7 39.
g4 Re4 40. Kg2 Rff4 41. Kg3 Rf1 42. Nf5+ Kd7 43. h6 Rg1+ 44. Kf3 Rh1 45. Ng3
Rh3 46. h7 Re8 47. Rg7 Rh8 48. Rxf7+ Kd8 49. Kf4 R8xh7 50. Rxf6 Re7 51. Nf5 Re8
52. Rxc6 Rh1 53. Rg6 Rg1 54. c6 Rc1 55. Kg5 Kc8 56. Ne7+ Kb8 57. Nxd5 Rd8 58.
Ne7 Rxd4 59. Nf5 Rdc4 60. Ne7 Ka7 61. Kh6 Rh1+ 62. Kg7 Re1 63. Kf6 Kb6 64. g5
Rf4+ 0-1